Dan in real life (Record no. 715)
[ view plain ]
| 000 -LEADER | |
|---|---|
| fixed length control field | 04045cgm a2200745Ia 4500 |
| 003 - CONTROL NUMBER IDENTIFIER | |
| control field | data |
| 005 - DATE AND TIME OF LATEST TRANSACTION | |
| control field | 20260322212031.0 |
| 007 - PHYSICAL DESCRIPTION FIXED FIELD--GENERAL INFORMATION | |
| fixed length control field | data |
| 008 - FIXED-LENGTH DATA ELEMENTS--GENERAL INFORMATION | |
| fixed length control field | data |
| 020 ## - INTERNATIONAL STANDARD BOOK NUMBER | |
| International Standard Book Number | 0788876422 |
| 020 ## - INTERNATIONAL STANDARD BOOK NUMBER | |
| International Standard Book Number | 9780788876424 |
| 024 1# - OTHER STANDARD IDENTIFIER | |
| Standard number or code | 786936732658 |
| 028 40 - PUBLISHER OR DISTRIBUTOR NUMBER | |
| Publisher or distributor number | 54166 |
| 037 ## - SOURCE OF ACQUISITION | |
| Source of stock number/acquisition | Midwest Tape |
| Note | http://www.midwesttapes.com |
| 040 ## - CATALOGING SOURCE | |
| Original cataloging agency | TEFMT |
| Transcribing agency | TEFMT |
| Modifying agency | UtOrBLW |
| -- | TEF |
| -- | GK8 |
| -- | VP@ |
| -- | IA4 |
| -- | TEF |
| -- | OSU |
| -- | UtOrBLW |
| 041 1# - LANGUAGE CODE | |
| Language code of text/sound track or separate title | spa |
| -- | fre |
| -- | spa |
| Language code of summary or abstract | spa |
| -- | fre |
| -- | spa |
| Language code of original | eng |
| 043 ## - GEOGRAPHIC AREA CODE | |
| Geographic area code | n-us--- |
| 049 ## - LOCAL HOLDINGS (OCLC) | |
| Holding library | OSUU |
| 050 14 - LIBRARY OF CONGRESS CALL NUMBER | |
| Classification number | PN1995.9.C55 |
| Item number | D36 2008 |
| 082 04 - DEWEY DECIMAL CLASSIFICATION NUMBER | |
| Classification number | 791.43/72 |
| Edition information | 22 |
| 090 ## - LOCALLY ASSIGNED LC-TYPE CALL NUMBER (OCLC); LOCAL CALL NUMBER (RLIN) | |
| Classification number (OCLC) (R) ; Classification number, CALL (RLIN) (NR) | DVD 617 |
| 001 - CONTROL NUMBER | |
| control field | data |
| 245 10 - TITLE STATEMENT | |
| Title | Dan in real life |
| Medium | [videorecording] / |
| Statement of responsibility, etc. | Jonathan Shestack ... [et al.]. |
| 260 ## - PUBLICATION, DISTRIBUTION, ETC. | |
| Place of publication, distribution, etc. | Burbank, CA : |
| Name of publisher, distributor, etc. | Distributed by Buena Vista Home Entertainment, |
| -- | Distributed by Buena Vista Home Entertainment, |
| Date of publication, distribution, etc. | [2008] |
| 300 ## - PHYSICAL DESCRIPTION | |
| Extent | 1 videodisc (ca. 98 min.) : |
| Other physical details | sd., col. ; |
| Dimensions | 4 3/4 in. |
| 500 ## - GENERAL NOTE | |
| General note | Region 1, widescreen (1.85:1, enhanced) presentation; Dolby Digital 5.1 surround, digitally mastered. |
| 500 ## - GENERAL NOTE | |
| General note | Originally released as a motion picture in 2007. |
| 500 ## - GENERAL NOTE | |
| General note | Special features: Deleted scenes with commentary by writer/director Peter Hedges; real-life outtakes; "Just like family: the making of Dan in real life" featurette; "Handmade music: creating the score" featurette; audio commentary with writer/director Peter Hedges. |
| 508 ## - CREATION/PRODUCTION CREDITS NOTE | |
| Creation/production credits note | Director of photography, Lawrence Sher ; editor, Sarah Flack ; music, Sondre Lerche ; costume designer, Alix Friedberg ; production designer, Sarah Knowles ; produced by Jon Shestack, Brad Epstein ; written by Pierce Gardner and Peter Hedges ; directed by Peter Hedges. |
| 511 1# - PARTICIPANT OR PERFORMER NOTE | |
| Participant or performer note | Steve Carell, Juliette Binoche, Dane Cook, John Mahoney, Emily Blunt, Dianne Wiest. |
| 520 ## - SUMMARY, ETC. | |
| Summary, etc. | Dan Burns is a local newspaper advice columnist. He is a widower with three daughters. He brings the family to his parent's house for a family gathering. When Dan goes to a local bookstore, he meets Marie. When he gets home, he finds out that Marie is actually dating his brother Mitch. Dan's mother Nana announces that she met an old acquaintance of Dan's, Ruthie Draper and that she has set up a date between Dan and Ruthie. Dan refuses to go. Mitch suggests that they could make it a double date and Dan agrees. Ruthie turns out to be very hot, but Dan isn't really interested in her. When Marie indicates that Ruthie is not right for him, Dan feigns interest and starts dancing with Ruthie. Marie gets jealous and joins the floor with Mitch, leading to an upstaging contest between Dan and Marie. |
| 521 8# - TARGET AUDIENCE NOTE | |
| Target audience note | MPAA rating: PG-13; for some innuendo. |
| 546 ## - LANGUAGE NOTE | |
| Language note | DVD format. |
| 546 ## - LANGUAGE NOTE | |
| Language note | English, dubbed French or dubbed Spanish dialogue, French or Spanish subtitles. |
| 546 ## - LANGUAGE NOTE | |
| Language note | Subtitles for the deaf and hard of hearing (SDH) |
| 650 #0 - SUBJECT ADDED ENTRY--TOPICAL TERM | |
| Topical term or geographic name entry element | Widowers |
| Form subdivision | Drama. |
| Geographic subdivision | United States |
| 650 #0 - SUBJECT ADDED ENTRY--TOPICAL TERM | |
| Topical term or geographic name entry element | Man-woman relationships |
| Form subdivision | Drama. |
| Geographic subdivision | United States |
| 650 #0 - SUBJECT ADDED ENTRY--TOPICAL TERM | |
| Topical term or geographic name entry element | Dating (Social customs) |
| Form subdivision | Drama. |
| Geographic subdivision | United States |
| 650 #0 - SUBJECT ADDED ENTRY--TOPICAL TERM | |
| Topical term or geographic name entry element | Fathers and daughters |
| Form subdivision | Drama. |
| Geographic subdivision | United States |
| 650 #0 - SUBJECT ADDED ENTRY--TOPICAL TERM | |
| Topical term or geographic name entry element | Brothers |
| Form subdivision | Drama. |
| Geographic subdivision | United States |
| 650 #0 - SUBJECT ADDED ENTRY--TOPICAL TERM | |
| Topical term or geographic name entry element | Mothers and sons |
| Form subdivision | Drama. |
| Geographic subdivision | United States |
| 655 #0 - INDEX TERM--GENRE/FORM | |
| Genre/form data or focus term | Feature films. |
| 655 #0 - INDEX TERM--GENRE/FORM | |
| Genre/form data or focus term | Romantic comedy films. |
| 655 #0 - INDEX TERM--GENRE/FORM | |
| Genre/form data or focus term | Video recordings for the hearing impaired. |
| 655 #7 - INDEX TERM--GENRE/FORM | |
| Genre/form data or focus term | Romance |
| Form subdivision | Feature. |
| Source of term | migfg. |
| 655 #7 - INDEX TERM--GENRE/FORM | |
| Genre/form data or focus term | Comedy |
| Form subdivision | Feature. |
| Source of term | migfg. |
| 655 #7 - INDEX TERM--GENRE/FORM | |
| Genre/form data or focus term | Family |
| Form subdivision | Feature. |
| Source of term | migfg. |
| 655 #7 - INDEX TERM--GENRE/FORM | |
| Genre/form data or focus term | Feature films. |
| Source of term | gsafd. |
| 655 #7 - INDEX TERM--GENRE/FORM | |
| Genre/form data or focus term | Comedy films. |
| Source of term | gsafd. |
| 700 1# - ADDED ENTRY--PERSONAL NAME | |
| Personal name | Shestack, Jonathan. |
| 700 1# - ADDED ENTRY--PERSONAL NAME | |
| Personal name | Epstein, Brad. |
| 700 1# - ADDED ENTRY--PERSONAL NAME | |
| Personal name | Gardner, Pierce. |
| 700 1# - ADDED ENTRY--PERSONAL NAME | |
| Personal name | Hedges, Peter. |
| 700 1# - ADDED ENTRY--PERSONAL NAME | |
| Personal name | Carell, Steve, |
| Dates associated with a name | 1963- |
| 700 1# - ADDED ENTRY--PERSONAL NAME | |
| Personal name | Binoche, Juliette, |
| Dates associated with a name | 1964- |
| 700 1# - ADDED ENTRY--PERSONAL NAME | |
| Personal name | Cook, Dane. |
| 700 1# - ADDED ENTRY--PERSONAL NAME | |
| Personal name | Mahoney, John, |
| Dates associated with a name | 1940- |
| 700 1# - ADDED ENTRY--PERSONAL NAME | |
| Personal name | Blunt, Emily. |
| 700 1# - ADDED ENTRY--PERSONAL NAME | |
| Personal name | Wiest, Dianne. |
| 710 2# - ADDED ENTRY--CORPORATE NAME | |
| Corporate name or jurisdiction name as entry element | Touchstone Pictures. |
| 710 2# - ADDED ENTRY--CORPORATE NAME | |
| Corporate name or jurisdiction name as entry element | Focus Features. |
| 710 2# - ADDED ENTRY--CORPORATE NAME | |
| Corporate name or jurisdiction name as entry element | Touchstone Home Entertainment (Firm) |
| 710 2# - ADDED ENTRY--CORPORATE NAME | |
| Corporate name or jurisdiction name as entry element | Buena Vista Home Entertainment (Firm) |
| 856 41 - ELECTRONIC LOCATION AND ACCESS | |
| Uniform Resource Identifier | <a href="https://m.media-amazon.com/images/I/91uUahH9efL._AC_UY218_ML3_.jpg">https://m.media-amazon.com/images/I/91uUahH9efL._AC_UY218_ML3_.jpg</a> |
| Withdrawn status | Lost status | Damaged status | Not for loan | Home library | Current library | Shelving location | Date acquired | Total checkouts | Full call number | Barcode | Date last seen | Price effective from | Koha item type |
|---|---|---|---|---|---|---|---|---|---|---|---|---|---|
| Centerville | Centerville | General stacks | 22/03/2026 | 791.43/72 22 | BC0010732 | 22/03/2026 | 22/03/2026 | Books |